000
00217 a2200097 4500
001
48451
100
_a
Llewellyn, B
245
_a
I left my roots in China
260
_a
London
_b
George Allen
_c
090
_c
31387
_d
31387
942
_a
NUST-CAE
_c
M
_c
23766
999
_c
283524
_d
283524